000 00377 a2200109 4500
001 ART_25617
005 20260410161935.0
008 260409a
245 1 0 _aEl menoscabo de la propiedad mutila la libertad
100 1 _aBenegas Lynch, Alberto
773 0 _tAnales de la Academia Nacional de Ciencias Económicas
_g- Vol. XXXII, (1987) (ene. 1988)
_wREV25596
999 _c28937
_d28937